Normal view
MARC view
Entry Personal Name
001 - CONTROL NUMBER
- control field: 46191
003 - CONTROL NUMBER IDENTIFIER
- control field: dpl
005 - DATE AND TIME OF LATEST TRANSACTION
- control field: 20120502121123.0
008 - FIXED-LENGTH DATA ELEMENTS
- fixed length control field: 120502|||a|||||| | ||| d
040 ## - CATALOGING SOURCE
- Original cataloging agency: dpl
- Transcribing agency: dpl
100 ## - HEADING--PERSONAL NAME
- Personal name: Vadackumchery, James
670 ## - SOURCE DATA FOUND
- Source citation: Work cat.: (dpl): Vadackumchery, James, Human rights friednly police :, 2000
670 ## - SOURCE DATA FOUND
- Source citation: Work cat.: (dpl): Vadackumchery, James, Human rights friednly police :, 2000
